01021nam a2200205 4500003000800000005001700008008004100025040002600066041000800092100003000100245021100130260004400341300001500385502018000400504004200580650003300622650004600655650003300701830008100734DO-SdUA20250325093537.0 s2020 dr || |||| 0 |a||0|spa d aDO-SdUAbspacDO-SdUA0 aspa1 aBenítez, Wendy Milagros10aIntegración de los docentes del nivel inicial del Colegio Evangélico Sinaí en el uso de las TICS como estrategia de enseñanza-aprendizaje para el año escolar 2019-2020 /cWendy Milagros Benítez. aSalvaleón de Higüey :bUASD,c2020. aiii, 72 h. aTesis y trabajo de grado (Maestría en Procesos Pedagógicos y Gestión de la Educación Infantil)--Universidad Autónoma de Santo Domingo, Salvaleón de Higüey, 2020. aIncluye referencias bibliográficas. 72lembaTecnología educativa 72lembaPedagogíaxEnseñanza programada 72lembaTecnología educativa aTesis y disertaciones académicas (Universidad Autónoma de Santo Domingo)